| 000 | 00773nam a22002177a 4500 | ||
|---|---|---|---|
| 005 | 20220912093748.0 | ||
| 008 | 220912b enk||||| |||| 00| 0 eng d | ||
| 020 | _a1904705146 | ||
| 050 | 0 | 4 |
_aTK7881.4 _bM53 2004 |
| 100 | 1 | _aMiddleton, Chris. | |
| 245 | 1 | 4 |
_aThe complete guide to digital audio _b : a comprehensive introduction to digital sound and music-making _c/ Chris Middleton ; editor Allen Zuk. |
| 250 | _a1a ed. | ||
| 260 |
_aGran Bretaña : _bIlex, _c2004. |
||
| 300 |
_a192 p. . _bil. ; _c25 cm. |
||
| 500 | _aIncluye glosario e índice. | ||
| 650 | 7 |
_2lemb _aSonido _xGrabación y reproducción |
|
| 650 | 4 | _aProcesamiento de sonido por computadora | |
| 650 | 4 |
_aMúsica _xProcesamiento de datos |
|
| 700 | 1 |
_aZuk, Allen, _eeditor |
|
| 942 |
_2lcc _cLIB |
||
| 999 |
_c159556 _d159554 |
||